| 000 | 00547nam a2200193 i 4500 | ||
|---|---|---|---|
| 001 | 135571 | ||
| 003 | ES-MaACL | ||
| 005 | 20230906194916.0 | ||
| 007 | t| | ||
| 008 | 070719s1971 sp ||||1| spa d | ||
| 080 | _a087.5:891.69(05)(465.11 P.) Umeen.Deia | ||
| 080 | _a92 Murieta, Felipe de (O. F. M. Cap.) | ||
| 100 | 1 |
_aTorres, Ismael. _9110892 |
|
| 245 | 1 | 0 |
_aUmeen Deia / _cIsmael Torres. |
| 260 |
_aBilbao : _bClaret, _c[1971] |
||
| 300 |
_a466 p. ; _c25 cm. |
||
| 630 | 0 | 7 |
_aUmeen-Deia. _9125317 |
| 852 |
_aES-MaACL _jC-41285 _bR.77491 |
||
| 999 |
_c135571 _d135571 |
||